Statystyki dla Czasowniki modalne - j. niemiecki

Kliknij tutaj aby rozwiązać quiz!

Ogólne statystyki

  • Ten quiz został rozwiązany 197 razy
  • Średni wynik to 39 z 49

Statystyki odpowiedzi

PLDE% Poprawnych
er/sie/esmuss
95%
ichmuss
95%
⬛ umieć, móc, potrafićkönnen
93%
wirkönnen
93%
sie, Siekönnen
93%
er/sie/eskann
92%
ichkann
92%
sie, Siemüssen
91%
wirmüssen
91%
⬛ musiećmüssen
91%
ihrmüsst
91%
dumusst
91%
dukannst
90%
ihrkönnt
90%
ichsoll
86%
er/sie/essoll
86%
wirsollen
86%
⬛ mieć powinnośćsollen
86%
sie, Siesollen
86%
⬛ chciećwollen
86%
sie, Siewollen
86%
wirwollen
86%
⬛ lubićmögen
83%
sie, Siemögen
83%
wirmögen
83%
er/sie/esmag
82%
ichmag
82%
dusollst
82%
ihrwollt
82%
ihrsollt
81%
ichwill
81%
er/sie/eswill
81%
duwillst
81%
dumagst
76%
wirdürfen
73%
⬛ mieć pozwoleniedürfen
73%
sie, Siedürfen
73%
ihrmögt
73%
er/sie/esdarf
70%
ichdarf
70%
dudarfst
70%
ihrdürft
69%
ichmöchte
56%
er/sie/esmöchte
56%
⬛ chcieć, lubić
(tryb przypuszczający)
möchten
53%
wirmöchten
53%
sie, Siemöchten
53%
dumöchtest
48%
ihrmöchtet
47%

Rozkład punktacji

Percentyl według liczby udzielonych odpowiedzi

Procent ludzi z każdym wynikiem

Twoja historia wyników

Nie rozwiązałeś tego quizu